Políticas estructurales en los países industriales /
Dentro de las estrategia a mediano plazo de los países industrializados, las políticas estructurales como instrumentos unidireccionales, diseñadas para eliminar distorsiones, contribuyen a elevar la capacidad productiva o preparar la economía para enfrentar los cambios constantes en el mercado. Las...
Сохранить в:
| Главный автор: | |
|---|---|
| Другие авторы: | |
| Формат: | Текст |
| Предметы: | |
| Метки: |
Добавить метку
Нет меток, Требуется 1-ая метка записи!
|
MARC
| LEADER | 00000 a a2200000 04500 | ||
|---|---|---|---|
| 001 | 8053 | ||
| 003 | |||
| 040 | |||
| 100 | |a Larsen, Flemming | ||
| 245 | |a Políticas estructurales en los países industriales / |c Flemming Larsen | ||
| 520 | |a Dentro de las estrategia a mediano plazo de los países industrializados, las políticas estructurales como instrumentos unidireccionales, diseñadas para eliminar distorsiones, contribuyen a elevar la capacidad productiva o preparar la economía para enfrentar los cambios constantes en el mercado. Las distorsiones que estas políticas eliminan pueden ser microeconómicas o macroeconómicas como: precios, balances presupuestarios, tipos de interés y balanza de pagos. Las reformas estructurales en la década de los ochenta buscan mejorar el desempeño económico aumentando el producto nacional bruto y rebajando las pérdidas en la producción y el empleo que resulten adversas a la economía la producción potencial se aumenta mejorando la asignación de recursos, liberando el comercio, eliminando distorsiones de precios, fomentando el ahorro privado, etc. Estas políticas de saneamiento económico sirven también a los países en desarrollo. Los beneficios de estas reformas incluyen mayor competitividad, eficiencia y velocidad con que el ahorro se transforma en inversiones productivas, elimina efectos adversos sobre la producción y la balanza de pagos, pero para ello se debe reestructurar la forma de negociación salarial y el desempeño del mercado laboral, además abolir las restricciones al comercio externo y la introducción de legislación para acabar con prácticas comerciales desleales que amenazan al libre comercio. VJ/JM | ||
| 650 | |a POLITICA ECONOMICA | ||
| 650 | |a MACROECONOMIA | ||
| 650 | |a PRECIOS | ||
| 650 | |a BALANZA DE PAGOS | ||
| 650 | |a TIPO DE CAMBIO | ||
| 650 | |a LIBRE COMERCIO | ||
| 650 | |a POLITICA FISCAL | ||
| 650 | |a POLITICA MONETARIA | ||
| 650 | |a SUBSIDIOS | ||
| 650 | |a INVERSIONES | ||
| 650 | |a COMPETITIVIDAD | ||
| 700 | |a Wattleworth, Michael | ||
| 773 | |g volumen 26, número 3; páginas 20-23 | ||
| 999 | |c 20771 |d 20771 | ||
| 773 | 0 | |0 43070 |9 4565 |a Banco Mundial |d Washignton D.C: FMI, 1964- |o MFN: 0439 |t Finanzas y Desarrollo/ | |
